000 01246nam a2200289 a 4500
001 57300
003 BD-RjUL
005 20211209080507.0
008 161208s1986 gw b 000 0 eng
020 _a0813304008 (Westview Press)
035 _a(BD-RjUL)57424
040 _aDLC
_cDLC
_dBD-RjUL
_beng
041 _aeng
082 0 0 _a306
_223
_bCRI 1986
245 0 0 _aCrisis of modernity :
_brecent critical theories of culture and society in the United States and West Germany /
_cEdited by Günter H. Lenz, Kurt L. Shell
260 _aFrankfurt am Main :
_bWestview Press,
_c1986.
300 _axi, 374 p. ;
_c21 cm.
490 1 _aCampus Forschung ;
_vBd. 486 =
_aCampus research
490 1 _aSchriftenreihe des Zentrums für Nordamerika-Forschung (ZENAF), Universität Frankfurt ;
_vBd. 6 =
_aPublications of the Center for North American Studies and Research, Frankfurt University
504 _aIncludes bibliographies.
650 _aPolitical Culture
_9170443
700 1 _aLenz, Günter H.
_9170154
700 1 _aShell, Kurt Leo,
_d1920-
_9170155
830 0 _aCampus Forschung ;
_vBd. 486.
_9170444
830 0 _aSchriftenreihe des Zentrums für Nordamerika-Forschung (ZENAF), Universität Frankfurt ;
_vBd. 6.
_9170445
942 _2ddc
_cBK
999 _c57300
_d57300